| 000 | 00478nam a2200181Ia 4500 | ||
|---|---|---|---|
| 003 | LK-CoDNM | ||
| 008 | 010623t1897 xxu||||| |||| 00| 1 eng d | ||
| 040 |
_aLK-CoDNM _dLK-CoDNM _eLK-CoDNM |
||
| 041 | _aeng | ||
| 080 | _a9 S 18 | ||
| 100 | _aMuller,F.Max. | ||
| 245 | _aThe Sacred books of the East : Pahlavi texts | ||
| 260 |
_bOxford _aLondon _c1897 |
||
| 300 | _bxlvii,186p., 22 cm | ||
| 700 |
_aVarious Oriental Scholars. _eed. |
||
| 700 |
_aWest.E.W. _eed. |
||
| 942 | _cBK | ||
| 999 |
_c84480 _d84480 |
||